[Event "Michigan Novice"]
[Site "Auburn Hills"]
[Date "2005.01.16"]
[Round "5.8"]
[White "White, Nick"]
[Black "Hamilton, Phillip"]
[Result "0-1"]
[WhiteElo "353"]
[BlackElo "818"]
[PlyCount "58"]
[EventDate "2005.01.15"]
[EventType "swiss"]
[EventRounds "5"]
[EventCountry "USA"]
[SourceTitle "EXT 2006"]
[Source "ChessBase"]
[SourceDate "2005.11.24"]
[SourceVersion "1"]
[SourceVersionDate "2005.11.24"]
[SourceQuality "1"]

1. e4 d6 2. d3 c5 3. c4 Nc6 4. Be3 Nf6 5. f3 g6 6. h3 Bg7 7. Qc1 0-0 8. Nc3 Nd7 9. g4 e5 10. Qd2 Nf6 11. b3 a5 12. 0-0-0 a4 13. Qc2 Qe8 14. Nd5 Nxd5 15. cxd5 Nb4 16. Qd2 axb3 17. Kb1 bxa2+ 18. Ka1 Ra3 19. Qb2 Qa4 20. Be2 Nc2+ 21. Qxc2 Qxc2 22. Rc1 Qb3 23. h4 h5 24. g5 f5 25. gxf6 Bxf6 26. f4 exf4+ 27. d4 cxd4 28. Bxd4 Bxd4+ 29. Rc3 Bxc3# 0-1

[Event "Michigan Novice"]
[Site "Auburn Hills"]
[Date "2005.01.15"]
[Round "4.13"]
[White "Hillaker, Seth"]
[Black "White, Nick"]
[Result "0-1"]
[WhiteElo "779"]
[BlackElo "353"]
[PlyCount "72"]
[EventDate "2005.01.15"]
[EventType "swiss"]
[EventRounds "5"]
[EventCountry "USA"]
[SourceTitle "EXT 2006"]
[Source "ChessBase"]
[SourceDate "2005.11.24"]
[SourceVersion "1"]
[SourceVersionDate "2005.11.24"]
[SourceQuality "1"]

1. e4 e5 2. Nc3 d6 3. Nf3 Bg4 4. Be2 Be6 5. 0-0 Nd7 6. d3 c5 7. Bg5 f6 8. Bc1 h6 9. Nh4 Bf7 10. Bh5 g5 11. Nf3 Bxh5 12. b3 Ne7 13. Ne2 Nb6 14. Ng3 Bg4 15. Bd2 a5 16. h3 Bxh3 17. gxh3 Qc8 18. Kh2 h5 19. Nh1 g4 20. hxg4 hxg4+ 21. Nh4 Rxh4+ 22. Kg3 Ng6 23. Qe2 Rh3+ 24. Kg2 Nf4+ 25. Bxf4 exf4 26. Qd2 Bh6 27. Qc3 Qe6 28. Rae1 Bg7 29. f3 gxf3+ 30. Rxf3 Qg4+ 31. Ng3 Rxg3+ 32. Rxg3 Qxg3+ 33. Kf1 f3 34. Re3 Qg2+ 35. Ke1 f2+ 36. Ke2 f1R# 0-1